| 000 | 01013nam a2200229Ia 4500 | ||
|---|---|---|---|
| 999 |
_c37627 _d37627 |
||
| 001 | 3599 | ||
| 003 | GE_BSU | ||
| 005 | 20190625193313.0 | ||
| 008 | 181216sწ.გ.||||ge |||||||||||||| ||geo|| | ||
| 040 | _cGE_BSU | ||
| 041 | _ageo | ||
| 080 | _a349.2 ი–99 | ||
| 245 |
_aიძულებითი შრომა : _bმოკლე სახელმძღვანელო / _cპროფესიული კავშირების საერთაშორისო გაერთიანება. |
||
| 264 |
_aთბილისი, _cწ.გ. |
||
| 300 |
_a48 გვ. ; _b14 სმ. |
||
| 653 | _aიძულებითი შრომა | ||
| 653 | _aძალადობა | ||
| 653 | _aტრეფიკინგი | ||
| 700 |
_aრაიდერი, გია _eრედაქტორი _92912 |
||
| 710 |
_aპროფესიული კავშირების საერთაშორისო გაერთიანება _92913 |
||
| 942 |
_cBK _2udc |
||